|
|
|
|
| LEADER |
01374nam a2200301 i 4500 |
| 001 |
6794 |
| 003 |
BD-DhAAL |
| 005 |
20151201120333.0 |
| 008 |
151201s2010 bg ab b 000 0 beno |
| 010 |
|
|
|a 2011322311
|
| 020 |
|
|
|a 9841200244
|
| 040 |
|
|
|a DLC
|b eng
|c DLC
|e rda
|d DLC
|d BD-DhAAL
|
| 050 |
0 |
0 |
|a DS432.B4
|b M66 2010
|
| 082 |
|
|
|a 954/.14
|
| 100 |
1 |
|
|a মোমেন, আবুল
|e author.
|9 16597
|
| 245 |
1 |
0 |
|a বাংলা ও বাঙালির কথা /
|c Ābula Momena ; sampādanā parishada, Adhyāpaka Sālāhuddīna Āhmada, Oẏāhidula Haka, Ānisujjāmāna, Jāmila Caudhurī, Maphidula Haka.
|
| 260 |
|
|
|a ঢাকা :
|b সাহিত্য প্রকাশ,
|c ২০০০.
|
| 300 |
|
|
|a ১২১ পৃ. :
|b illustrations, map ;
|c ২৯ সে.মি.
|
| 504 |
|
|
|a Includes bibliographical references (page 122).
|
| 520 |
|
|
|a Articles chiefly on the history of Bengali, South Asian people and Bengal.
|
| 541 |
|
|
|e 6794
|
| 546 |
|
|
|a In Bengali.
|
| 650 |
|
0 |
|a Bengali (South Asian people)
|x History.
|9 16598
|
| 651 |
|
0 |
|a Bengal (India)
|x History.
|9 16599
|
| 700 |
1 |
|
|a Ahmed, A. F. Salahuddin,
|d 1924-2014,
|e editor.
|9 16600
|
| 942 |
|
|
|2 ddc
|c BK
|
| 999 |
|
|
|c 36341
|d 36341
|
| 952 |
|
|
|0 0
|1 0
|2 ddc
|4 0
|6 954_000000000000000__14_MOM
|7 0
|9 57146
|a SCL
|b SCL
|c GEN
|d 2015-12-01
|g 150.00
|l 5
|m 10
|o 954.14 MOM
|p 3020006794
|r 2025-11-06
|s 2025-11-04
|t 1
|w 2015-12-01
|y BK
|